History Quiz

Random History or Decade Quiz

Decades: Presidents Quiz Stats

 Plays Quiz not verified by Sporcle

Score 0/44 Timer 07:00
0 Plays Today
Name of President Type in 1970, 1850 etc % Correct
Bill Clinton???
90.6%
George W. Bush???
87.8%
Jimmy Carter???
86.4%
Barack Obama???
85.6%
John F. Kennedy???
82.5%
Gerald Ford???
80.8%
Lyndon B. Johnson???
80.3%
Ronald Reagan???
80.1%
Dwight D. Eisenhower???
77.8%
Abraham Lincoln???
75.2%
Franklin D. Roosevelt???
74.6%
Harry S. Truman???
72.6%
Calvin Coolidge???
71.5%
Woodrow Wilson???
70.3%
Andrew Johnson???
69.1%
George H. W. Bush???
68.2%
Thomas Jefferson???
67.4%
Theodore Roosevelt???
66.4%
John Adams???
64.6%
James Buchanan???
63.6%
Herbert Hoover???
63.1%
Richard Nixon???
61.6%
Name of President Type in 1970, 1850 etc % Correct
James Monroe???
60.6%
Warren G. Harding???
60.2%
Donald Trump???
59.2%
William McKinley???
57.6%
George Washington???
56%
Chester A. Arthur???
55.1%
John Quincy Adams???
54.2%
James Garfield???
51.7%
James K. Polk???
51.3%
Grover Cleveland???
50.7%
Rutherford B. Hayes???
50.7%
Martin Van Buren???
50.6%
William H. Taft???
49.9%
Andrew Jackson???
48.3%
John Tyler???
44%
William H. Harrison???
42.1%
James Madison???
42.1%
Ulysses S. Grant???
41.8%
Franklin Pierce???
39.1%
Zachary Taylor???
38.6%
Benjamin Harrison???
33.8%
Millard Fillmore???
25.9%

You're not logged in!

Compare scores with friends on all Sporcle quizzes.
OR
Log In

Show Comments

Extras

Top Quizzes Today


Score Distribution

Your Account Isn't Verified!

In order to create a playlist on Sporcle, you need to verify the email address you used during registration. Go to your Sporcle Settings to finish the process.

Report this User

Report this user for behavior that violates our Community Guidelines.

Details: